Dürr-i meknun : (Record no. 41206)
| 000 -BAŞLIK | |
|---|---|
| Sabit Uzunluktaki Kontrol Alanı | 01154nam a22003377a 4500 |
| 001 - KONTROL NUMARASI | |
| Control Dosyası | 0041352 |
| 003 - KONTROL NUMARASI KİMLİĞİ | |
| Kontrol Alanı | KOHA_MİRAKIL |
| 005 - EN SON İŞLEM TARİHİ ve ZAMANI | |
| Kontrol Alanı | 20260207003233.0 |
| 007 - FİZİKSEL TANIM SABİT ALAN - GENEL BİLGİ | |
| Sabit uzunluklu kontrol alanı | ta |
| 008 - SABİT UZUNLUKTAKİ VERİ ÖGELERİ - GENEL BİLGİ | |
| Sabit Alan | 130730b2009 tu |||gr||||#||||0|tur | |
| 020 ## - ISBN - ULUSLARARASI STANDART KİTAP NUMARASI | |
| Isbn | 9786055688073 |
| 040 ## - KATALOGLAMA KAYNAĞI | |
| Özgün Kataloglama Kurumu | TR-BiSEU |
| Kataloglama Dili | tur |
| Çeviri Kurumu | TR-BiSEU |
| Açıklama Kuralları | rda |
| 041 0# - DİL KODU | |
| Metin ya da ses kaydının dil kodu | tur |
| 044 ## - YAYINLAYAN/ÜRETEN KURULUŞUN ÜLKE KODU | |
| ISO country code | tu |
| 050 ## - SINIFLAMA ve YER NUMARASI | |
| Sınıflama Numarası | G95.D87 |
| Yer Numarası | Y39 2009 |
| 100 0# - KİŞİ ADI | |
| Yazar Adı (Kişi adı) | Yazıcıoğlu Ahmed Bican. |
| 245 1# - ESER ADI BİLDİRİMİ | |
| Başlık | Dürr-i meknun : |
| Alt Eseradı vb. | inceleme-çevriyazı-dizin-tıpkıbasım/ |
| Sorumluluk Bildirimi | Yazıcıoğlu Ahmed Bican ; Hazırlayan Ahmet Demirtaş. |
| 264 #1 - ÜRERİM, YAYIN, DAĞITIM ve TELİF BİLDİRİMİ | |
| Yayın yeri | İstanbul : |
| Yayınlayan | İstanbul |
| Yayın tarihi | 2009 |
| 300 ## - FİZİKSEL TANIMLAMA | |
| Sayfa, Cilt vb. | 301 sayfa ; |
| Boyutları | 25 cm |
| 336 ## - İÇERİK TÜRÜ | |
| Content type term | metin |
| Content type code | txt |
| Source | rdacontent |
| 337 ## - MEDYA TÜRÜ | |
| Media type term | aracısız |
| Media type code | n |
| Source | rdamedia |
| 338 ## - TAŞIYICI TÜRÜ | |
| Carrier type term | cilt |
| Carrier type code | nc |
| Source | rdacarrier |
| 490 1# - DİZİ BİLDİRİMİ | |
| Dizi Bildirimi | İstanbul yayın sıra no ; |
| Cilt Numarası | 8 |
| 500 ## - GENEL NOT | |
| Genel Not | Kitap Osmanlıca metin içermektedir. |
| 650 #0 - KONU BAŞLIĞI EK GİRİŞ - KONU TERİMİ | |
| Konusal terim veya coğrafi ad | Geography--Turkey--Early works to 1800. |
| 9 (RLIN) | 76757 |
| 650 #0 - KONU BAŞLIĞI EK GİRİŞ - KONU TERİMİ | |
| Konusal terim veya coğrafi ad | Cosmography--Early works to 1800. |
| 9 (RLIN) | 76758 |
| 650 #0 - KONU BAŞLIĞI EK GİRİŞ - KONU TERİMİ | |
| Konusal terim veya coğrafi ad | Cosmology, Medieval--Early works to 1800. |
| 9 (RLIN) | 76759 |
| 650 #0 - KONU BAŞLIĞI EK GİRİŞ - KONU TERİMİ | |
| Konusal terim veya coğrafi ad | Islamic cosmology--Early works to 1800. |
| 9 (RLIN) | 76760 |
| 830 1# - SERİ EK GİRİŞİ - TEKBİÇİM ESER ADI | |
| Tekbiçim Başlık | İstanbul yayın sıra no ; |
| Volume number/sequential designation | 8 |
| 9 (RLIN) | 76761 |
| 942 ## - EK GİRİŞ ÖGELERİ (KOHA) | |
| Source of classification or shelving scheme | Library of Congress Classification |
| Koha item type | Book |
| Materyal Türü | Kalıcı Konum | Mevcut Konum | Raf Yeri | Sınıflandırma Kaynağı | Edinim Bilgisi | Ana Konular | Alt Konular | Yer Numarası | Demirbaş Numarası | Fatura Tarihi | Maliyet, Alış Fiyatı | Maliyet, Yenileme Fiyatı | Geri Çekilme Durumu | Kayıp Durumu | Hasarlı Durumu | Kredi için değil | Kayıt Tarih | Toplam Ödünçverme | Son Görülme Tarihi | Son Kontrol Tarihi | Satın Alma Notu |
|---|---|---|---|---|---|---|---|---|---|---|---|---|---|---|---|---|---|---|---|---|---|
| Book | Prof. Dr. Azmi Özcan Kütüphanesi | Prof. Dr. Azmi Özcan Kütüphanesi | Uluğbey Salonu | Library of Congress Classification | Satın | COĞRAFYA, ANTROPOLOJİ, REKREASYON | Coğrafya (Genel), Atlaslar, Haritalar | G95.D87 Y39 2009 | 0041352 | 24/09/2013 | 28.98 | 28.98 | 30/07/2013 | 2 | 05/12/2024 | 05/12/2024 | 73291-73383 (92 sayfa) |
